Дело по письму графа де Броэль-Платера об открытии в Житомире на счет собственных его средств временного музея с библиотекой

Доступно только в Электронных читальных залах Найти на картеНа карте
RUSMARC
00003677nmc2a22002413x 450
001d069e950-bd03-4b07-80a3-0ac123694afd
00520251027140730.0
100##$a20250529l18611861k l0rusy0189 ca
1010#$arus
102##$aRU
105##$ay###
1222#$ad
2001#$aДело по письму графа де Броэль-Платера об открытии в Житомире на счет собственных его средств временного музея с библиотекой
$j12 июля - 31 октября 1861 г.
215##$a13 л.
$d36,5х26 см
251##$cДело
300##$aНа обложке указано: "№89"
371##$aДокумент не является опубликованным и широко распространяемым
461#0$10012b5b8419-5ce4-4d16-a7a3-85720a295f1f
$12001
$aКанцелярия министра народного просвещения
$1251
$cФонд
$1852
$j735
462#0$1001f9d86302-efd9-4da3-b833-350837400fc9
$12001
$aКанцелярия министра народного просвещения
$1251
$cОпись
$1852
$j6
801#0$aRU
$bРГИА
$c20250529
$gRCR
801#1$aRU
$bГлавНИВЦ
$c20250529
$2rusmarc
801#2$aRU
$bПБ им. Б.Н. Ельцина
$c20251027
$gRCR
$2rusmarc
850##$aРГИА
852##$aРГИА
$eФедеральное казенное учреждение "Российский государственный исторический архив" (РГИА)
$j154
937##$hРГИА
$d12425466
$aASBIBLIO_SCAN
035##$aRusGRCC00086297
856##$uhttp://readingroom.main.prlib.ru/item.aspx?id_node=n198705546&mode=full
Формат отображения